Pays du monde par continent - Statistiques

Statistiques générales
  • Ce quiz a été pris 88 fois
  • Le résultat moyen est 132 sur 196
Statistiques - réponses
Réponse % Correct
Algérie
89%
Maroc
86%
Allemagne
84%
Belgique
83%
Etats-Unis
83%
France
83%
République démocratique du Congo
83%
République du Congo
83%
Canada
81%
Guinée
81%
Italie
81%
Australie
79%
Autriche
79%
Corée du Nord
78%
Corée du Sud
78%
Egypte
78%
Espagne
78%
Estonie
78%
Grèce
78%
Mexique
78%
Roumanie
78%
Suède
78%
Vatican
78%
Albanie
76%
Chili
76%
Chine
76%
Irlande
76%
Japon
76%
Lettonie
76%
Lituanie
76%
Luxembourg
76%
Pologne
76%
Royaume-Uni
76%
Afrique du Sud
75%
Argentine
75%
Cap-Vert
75%
Côte d'Ivoire
75%
Croatie
75%
Danemark
75%
Finlande
75%
Guinée-Bissau
75%
Guinée Equatoriale
75%
Islande
75%
Nouvelle-Zélande
75%
Portugal
75%
Russie
75%
Slovaquie
75%
Slovénie
75%
Andorre
73%
Arménie
73%
Brésil
73%
Ethiopie
73%
Hongrie
73%
Libye
73%
Monaco
73%
Monténégro
73%
Norvège
73%
Pérou
73%
Soudan
73%
Suisse
73%
Tunisie
73%
Angola
71%
Biélorussie
71%
Bulgarie
71%
Chypre
71%
Colombie
71%
Macédoine du Nord
71%
Malte
71%
Pakistan
71%
Pays-Bas
71%
Ukraine
71%
Afghanistan
70%
Fidji
70%
Israël
70%
Kosovo
70%
Mongolie
70%
Niger
70%
Ouzbékistan
70%
Serbie
70%
Tanzanie
70%
Thaïlande
70%
Venezuela
70%
Viêt Nam
70%
Eswatini
68%
Inde
68%
Jamaïque
68%
Kenya
68%
Nigeria
68%
Sénégal
68%
Soudan du Sud
68%
Uruguay
68%
Bolivie
67%
Bosnie-Herzégovine
67%
Equateur
67%
Erythrée
67%
Gambie
67%
Géorgie
67%
Guatemala
67%
Guyana
67%
Liban
67%
Liechtenstein
67%
Madagascar
67%
Moldavie
67%
Ouganda
67%
Tchad
67%
Turquie
67%
Zambie
67%
Zimbabwe
67%
Arabie Saoudite
65%
Burundi
65%
Cuba
65%
Indonésie
65%
Irak
65%
Iran
65%
Jordanie
65%
Kazakhstan
65%
Laos
65%
Lesotho
65%
Mali
65%
Mauritanie
65%
Népal
65%
Paraguay
65%
Saint-Marin
65%
Antigua-et-Barbuda
63%
Burkina Faso
63%
Costa Rica
63%
Haïti
63%
Mozambique
63%
Nicaragua
63%
Oman
63%
République Tchèque
63%
Rwanda
63%
Turkménistan
63%
Belize
62%
Bénin
62%
Cambodge
62%
Cameroun
62%
Emirats Arabes Unis
62%
Gabon
62%
Namibie
62%
Nauru
62%
Somalie
62%
Sri Lanka
62%
Yémen
62%
Azerbaïdjan
60%
Dominique
60%
Etats fédérés de Micronésie
60%
Ghana
60%
Honduras
60%
Îles Marshall
60%
Kirghizistan
60%
Liberia
60%
Papouasie Nouvelle-Guinée
60%
République Dominicaine
60%
Sainte-Lucie
60%
Togo
60%
Bangladesh
59%
Birmanie (Myanmar)
59%
Djibouti
59%
Malaisie
59%
Qatar
59%
Samoa
59%
Tonga
59%
Tuvalu
59%
Vanuatu
59%
Barbade
57%
Brunei
57%
Comores
57%
Malawi
57%
Maldives
57%
Palaos
57%
Panama
57%
Philippines
57%
Seychelles
57%
Suriname
57%
Taïwan
57%
Bhoutan
56%
Grenade
56%
Îles Salomon
56%
Kiribati
56%
Maurice
56%
Saint-Vincent-et-les-Grenadines
56%
Sierra Leone
56%
Syrie
56%
Tadjikistan
56%
Bahreïn
54%
Botswana
54%
République Centrafricaine
54%
Salvador
54%
Timor Oriental
54%
Koweït
52%
Saint-Christophe-et-Niévès
52%
Trinité-et-Tobago
52%
Bahamas
51%
Singapour
51%
São Tomé-et-Principe
44%
Aucun quiz correspondant
Distribution des résultats
% des personnes avec chaque résultat
Percentile par nombre de réponses
Votre historique - résultats
Vous n’avez pas pris ce quiz